Регионална библиотека "Любен Каравелов" - Русе

Колекция Агата Кристи (Запис номер 21083)

MARC детайли
000 -Лидер
Контролно поле с фиксирана дължина 01337nam a2200337 c 4500
003 - Код на организацията, давaща контролен номер
Контролно поле BLK
005 - Дата и час на последна редакция
Контролно поле 20180422095227.0
008 - Елементи от данни с фиксирана дължина
fixed length control field 180413b bul|||||r ||||||| ||bul||
010 ## - Наследен системен номер
LC control number KNG00023345000
020 ## - Международен стандартен номер на книга ISBN
Международен стандартен номер на книга ISBN 954-8371-48-0
-- издат.: Селекта - на том(т. 9)
040 ## - Източник на каталожния запис
Идентификатор на билиотеката - собственик на записа BLK
041 ## - Код за език
Код за езика на текст/звукозапис или на отделно заглавие Български
Код за езика КДБФ Български
080 ## - УДК
Текстов определител УДК Английска литература
УДК код - определител по УДК 821.111
УДК определител -312.4
УДК - код + определител 821.111-312.4
100 1# - Редна дума - Автор
Автор Кристи, Агата
Авторска отговорност първи автор
R(LIN) 363926
139 ## - Редно поле
Редна дума Кристи, Агата
Авторски знак Кре - К 90
245 10 - Сведения за заглавието
Заглавие Колекция Агата Кристи
Подзаглавни данни Т. 1 -
Редно поле (дума) Агата Кристи; прев. на том Ангел Белорешки.
Том Т. 9
Заглавие на том Великата четворка
257 ## - Страна на издаване
Страна на създаване/издаване Великобритания
260 ## - Област на издателските данни
-- Бургас
Година на издаване 1995 -
300 ## - Физическа характеристика
Размери/Мащаб 17 см
380 ## - Жанр
Жанр Худож. лит.
500 ## - Общи забележки
Забележка Офс. изд.
505 ## - Форматирана забележка
Подзаглавни данни [Романи]
Авторската отговорност
Заглавие Убийство в дома на свещеника
653 ## - Ключова дума – ненормативна
Ключова дума крими
700 1# - Други автори (авторска отговорност)
Лично име Белорешки, Ангел
Автороска отговорност (Описва отношението между автора и произведението) прев. на том
9 (RLIN) 37933
760 1# - Описание на основната серия
-- - на том(т. 9)
Редна дума на основното описание Кристи, Агата
Място на издаване, издател и година Селекта, 1999
Страници - том 581 с. : със сх.
Заглавие Т. 9 Великата четворка
852 ## - Местоположение
Форматна сигнатура Цб І 27814
856 4# - Електронен адрес и достъп
Електронен формат pdf - файл
Път до файла /url/
856 4# - Електронен адрес и достъп
Електронен формат pdf - файл
Път до файла /url/
942 ## - АРТИКУЛИ
Вид на библиотечния материал Книги
Скрит в OPAC Не
944 ## - СЪЗДАВАНЕ И РЕДАКЦИЯ на ЗАПИСА
Създаване/Редакция Създаване
Дата на регистрацията/редакция 15.01.2003
Служител, извършил регистрацията/редакцията Людмила_Стоянова
944 ## - СЪЗДАВАНЕ И РЕДАКЦИЯ на ЗАПИСА
Създаване/Редакция Редакция
Дата на регистрацията/редакция 15.11.2005
Служител, извършил регистрацията/редакцията
999 ## - СИСТЕМНИ КОНТРОЛНИ НОМЕРА
Koha biblionumber 21083
Koha biblioitemnumber 21083
Наличности
Код за отписване Код за изгубен артикул Източник на класификационната схема Код за повреда Коз за рестрикции Код за отдаване Артикулен № Име на библиотеката - собственик Име на библиотеката, в която се намира в момента Статус (Текущо местоположение) Дата на вписване в системата Местоположение - отдел Цена в лева Инвентарен номер Систематично азбучна сигнатура Баркод Номер на екземпляра Цена в евро Служебна бележка Служебен тип на артикула
  Не е изгубен Universal Decimal Classification Не е повреден без рестрикции ползва се в читалня 34893 Регионална библиотека "Любен Каравелов" Русе Регионална библиотека "Любен Каравелов" Русе Хранилище 2001-01-01 Хранилище 0.00 645576 Цб I 27814 120000645576 1 0.00 Дост: Dp Вид: Д N: стар фонд Дата: 01.01.1999 Книги
Vip Innovations Ltd, Rousse, Bulgaria 2025